000
00200nam a22000857a 4500
003
SGT
245
_a
Journal of Periodontal Research
260
_b
Wiley Blackwell
_c
2012; 2013; 2015; 2016
942
_2
ddc
_c
BV
999
_c
28256
_d
28256